Central Library || Chittagong University

Reports on the progress of applied chemistry during 1972 / (Record no. 109648)

MARC details
000 -LEADER
fixed length control field 00521nam a22001817a 4500
003 - CONTROL NUMBER IDENTIFIER
control field BD-ChCU
005 - DATE AND TIME OF LATEST TRANSACTION
control field 20251120140413.0
008 - FIXED-LENGTH DATA ELEMENTS--GENERAL INFORMATION
fixed length control field 251120b bg ||||| |||| 00| 0 ben d
040 ## - CATALOGING SOURCE
Transcribing agency BD-ChCU
082 ## - DEWEY DECIMAL CLASSIFICATION NUMBER
Edition number 22
Classification number REF660 SOR
100 ## - MAIN ENTRY--PERSONAL NAME
Personal name .
9 (RLIN) 16550
245 ## - TITLE STATEMENT
Title Reports on the progress of applied chemistry during 1972 /
260 ## - PUBLICATION, DISTRIBUTION, ETC.
Place of publication, distribution, etc. London :
Name of publisher, distributor, etc. Academic Press,
Date of publication, distribution, etc. c1973
300 ## - PHYSICAL DESCRIPTION
Extent Vol. 57
650 #0 - SUBJECT ADDED ENTRY--TOPICAL TERM
Topical term or geographic name entry element Chemical industry Chemistry
9 (RLIN) 16549
710 ## - ADDED ENTRY--CORPORATE NAME
Corporate name or jurisdiction name as entry element Society of chemical industry
9 (RLIN) 16552
942 ## - ADDED ENTRY ELEMENTS (KOHA)
Source of classification or shelving scheme Dewey Decimal Classification
Koha item type Books
Suppress in OPAC No
Holdings
Withdrawn status Lost status Source of classification or shelving scheme Damaged status Not for loan Home library Current library Shelving location Date acquired Source of acquisition Total Checkouts Full call number Barcode Date last seen Copy number Price effective from Koha item type
    Dewey Decimal Classification     Chittagong University Library Chittagong University Library Reference 11/20/2025 ক্রয়কৃত   REF660 SOR 91731 11/20/2025 C-1 11/20/2025 Books
    Dewey Decimal Classification     Chittagong University Library Chittagong University Library Reference 11/20/2025 ক্রয়কৃত   REF660 SOR 91732 11/20/2025 C-2 11/20/2025 Books
© Copyright 2026. Chittagong University Library, Installation and Maintenance by Prof. Dr. Md. Alamgir, 01711306253